| 000 | 00942nac a22002171u 4500 | ||
|---|---|---|---|
| 008 | 101019t xxu||||| |||| 00| 0 eng d | ||
| 010 | _a009811290 | ||
| 020 | _a0156070510 | ||
| 020 | _a9780156070515 | ||
| 082 |
_a658.802 _bCOT |
||
| 100 |
_aCottle, David W. (Daviiam) _920489 |
||
| 245 |
_aThe Professional’s Guide to Target Marketing / _cDavid W. Cottle. |
||
| 260 |
_aSan Diego ; London : _bHarcourt Professional, 2000. _c2000. |
||
| 300 |
_a407 P.; _c23 cm. |
||
| 511 | _aCatalogued by: Sara | ||
| 650 |
_aTarget Marketing. _920490 |
||
| 650 |
_aSmall business _917581 _xManagement. |
||
| 942 |
_cBB _k658.802 COT _2ddc |
||
| 999 |
_c6569 _d6569 |
||